000 00281nam a2200121Ia 4500
008 190216s9999||||xx |||||||||||||| ||und||
100 _aKahan My & Jain P K
245 0 _aFinancial Managment
260 _bKalyani Pub
_c1982
300 _a711p
650 _aCommerce
942 _cBK
999 _c4939
_d4939